00556nam a2200181Ia 450000500170000000800410001702000260005804000190008404100120010308200150011510000140013024500960014426000410024030000220028165000400030370000210034385000100036420240328111110.0131103s9999 xx 000 0 und d a019564405 0cRs.65.00 aLoreto College aEnglish a420.7bRAM aRam, S.K. aLearning to communicateb course book 7 for the middle school cS.K.Ram and Paul Gunashekar aDelhibOxford university pressc1998 a134p.b ill, pic. aEnglish language - Study & teaching aGunashekar, Paul aLCBED